000 00544nam a22002057a 4500
003 OSt
005 20140310183043.0
008 130223t xxu||||| |||| 00| 0 eng d
020 _a9714203333
050 _aPL 6055
_b.R311 2003
082 _aFIL 808.0427
_bP14 2003
245 _aPagbasa at pagsulat sa iba't ibang disiplina
_cRecorba, Felisa
260 _aBulacan
_b Trinitas Pub.
_c2003
300 _a233 p.
_c24 cm
521 _aCollege Students
526 _c1210L-1700L
541 _j1
562 _e1
942 _2lcc
_cBK
_kFIL
999 _c18561
_d18561